Historia 1 : de los comienzos de la historia humana hasta el fin de la edad media /

Guardado en:
Autor Principal: Cristófori, Alejandro
Otros Autores: Sugobono, Nahuel, Tizio, Silvia, Pérez, Ezequiel, Schujman, Gustavo
Formato: Libro
Publicado: Buenos Aires : Aique, 2010
Series:El mundo en tus manos
Materias:
Etiquetas: Agregar Etiqueta
Sin Etiquetas, Sea el primero en etiquetar este registro!
LEADER 01524nam a22003975a 4500
001 CEM.cems014126
005 20131008120941.0
008 130507s2010##################000#0#####d
003 CEMS
020 |a 9789870602750 
082 0 4 |a Z930 
100 1 |a Cristófori, Alejandro 
245 1 0 |a Historia 1 :  |b de los comienzos de la historia humana hasta el fin de la edad media /  |c Claudia Binaghi y Otros; coordinado Por Alejandro Cristófori 
260 |a Buenos Aires :  |b Aique,  |c 2010 
300 |a 256 p. 
490 0 |a El mundo en tus manos 
505 0 |a El estudio de la historia -- Los comienzos de la historia de la humanidad -- La expansión territorial -- La revolución agrícola -- Espacios y organización en Oriente -- Las grandes culturas de América -- Las civilizaciones del mar mediterráneo: Grecia -- Roma -- El Islam -- El reino Franco -- El feudalismo -- La expansión económica de Europa Occidental -- La burguesía -- Las cruzadas.- 
653 |a Historia 
653 |a Historia antigua 
653 |a Edad media 
653 |a Homínidos 
653 |a Homo sapiens 
653 |a Paleolítico 
653 |a Mesolítico 
653 |a Edad de bronce 
653 |a Edad de hierro 
653 |a Pueblos originarios 
653 |a Olmecas 
653 |a Mayas 
653 |a Aztecas 
653 |a Incas 
700 1 |a Sugobono, Nahuel 
700 1 |a Tizio, Silvia 
700 1 |a Pérez, Ezequiel 
700 1 |a Schujman, Gustavo 
859 |a CEMS  |b BIB. CEMS - 11 de abril  |h Z930  |i C868  |p 15614.89  |t Ej.1  |v I  |3 I